Deutsche Großstädte in alphabetischer Reihenfolge - Statistiken

Allgemein
  • Dieses Quiz wurde 117 mal gespielt
  • Das Durchschnittsergebnis liegt bei 53 aus 80
Antwortstatistiken
Anfangsbuchstabe Stadt % Korrekt
A Aachen
96%
A Augsburg
94%
C Chemnitz
84%
B Berlin
82%
D Düsseldorf
82%
F Frankfurt am Main
82%
E Essen
81%
J Jena
80%
D Dresden
79%
I Ingolstadt
79%
B Bochum
78%
D Darmstadt
78%
B Bonn
76%
D Dortmund
76%
D Duisburg
76%
H Hamburg
76%
K Karlsruhe
76%
H Hannover
75%
K Köln
74%
E Erfurt
73%
L Leipzig
73%
U Ulm
73%
K Kiel
72%
B Bielefeld
71%
B Bremen
71%
G Gelsenkirchen
71%
H Hamm
71%
M Mannheim
71%
S Stuttgart
71%
F Freiburg im Breisgau
69%
H Halle (Saale)
69%
N Nürnberg
69%
E Erlangen
68%
F Fürth
68%
M München
68%
R Regensburg
68%
B Braunschweig
67%
K Kassel
67%
P Potsdam
67%
M Magdeburg
66%
T Trier
66%
W Wiesbaden
66%
W Wuppertal
66%
W Würzburg
66%
H Heidelberg
65%
K Koblenz
65%
O Oldenburg
65%
R Rostock
65%
H Hagen
64%
K Kaiserslautern
64%
L Ludwigshafen am Rhein
64%
W Wolfsburg
64%
K Krefeld
62%
M Mönchengladbach
62%
O Oberhausen
62%
L Lübeck
61%
M Mainz
61%
P Paderborn
61%
B Bremerhaven
60%
L Leverkusen
60%
B Bottrop
59%
O Offenbach am Main
59%
O Osnabrück
59%
S Saarbrücken
59%
G Göttingen
55%
H Herne
55%
M Münster
55%
N Neuss
54%
H Heilbronn
53%
S Siegen
53%
S Solingen
53%
P Pforzheim
52%
B Bergisch Gladbach
51%
M Mülheim an der Ruhr
51%
R Remscheid
48%
G Gütersloh
47%
M Moers
47%
R Reutlingen
46%
R Recklinghausen
44%
S Salzgitter
42%
Keine übereinstimmenden Quizze gefunden
Verteilung der Resultate
Anzahl Personen mit jedem Resultat
Perzentil nach korrekt beantworteten Fragen
Ihre Resultats-Entwicklung
Sie haben dieses Quiz noch nicht gespielt